00398 2200157 4500001002100000005001500021035002000036245005100056100001800107300002800125260003100153082000800184084001400192020002200206990001200228INLIS00000000000305420250919084358 a0010-09250004011 aAdvanced Learning Geography 3 /cLili Somantri0 aLili Somantri a250 hlm ;c17,5 x 25 cm aBandung :bGrafindo,c2014 a900 a900 LIL a a978-602-01-0024-1 a0755581